[Event "HUN-chT2 Szechenyi 1112"]
[Site "Hungary"]
[Date "2012.01.29"]
[Round "5.3"]
[White "Samu, Ferenc"]
[Black "Kiss, Robert"]
[Result "1-0"]
[WhiteElo "2151"]
[BlackElo "2072"]
[PlyCount "131"]
[EventDate "2011.09.25"]
[EventType "team-tourn"]
[EventRounds "11"]
[EventCountry "HUN"]
[SourceTitle "EXT 2013"]
[Source "ChessBase"]
[SourceDate "2012.11.22"]
[SourceVersion "1"]
[SourceVersionDate "2012.11.22"]
[SourceQuality "1"]
[WhiteTeam "Tapolca"]
[BlackTeam "Arboretum"]
[WhiteTeamCountry "HUN"]
[BlackTeamCountry "HUN"]

1. e4 c5 2. Nf3 d6 3. c3 Nf6 4. Bb5+ Bd7 5. Bxd7+ Nbxd7 6. Qe2 e5 7. 0-0 Be7 8. Rd1 0-0 9. d4 Qc7 10. dxe5 dxe5 11. Bg5 Rfd8 12. Nbd2 Nf8 13. Bxf6 Bxf6 14. a4 Ne6 15. g3 Ng5 16. Nxg5 Bxg5 17. Nc4 Be7 18. Ne3 Bf8 19. Rd5 Rxd5 20. Nxd5 Qc6 21. Qc4 Rc8 22. Rd1 h5 23. Ne3 h4 24. Rd5 Qe6 25. Qb5 Rc7 26. Qd3 h3 27. Qd1 c4 28. Qg4 Qb6 29. Rb5 Qa6 30. Rxe5 Qxa4 31. Qxh3 g6 32. Qf1 Rc5 33. Rxc5 Bxc5 34. Qxc4 Qa1+ 35. Nf1 b6 36. Qe2 a5 37. Kg2 Qb1 38. e5 Qa2 39. h4 a4 40. Qd2 Kg7 41. Nh2 a3 42. Ng4 Kf8 43. Qd8+ Kg7 44. bxa3 Qxa3 45. Qf6+ Kf8 46. e6 Qa8+ 47. Kh2 Qe8 48. Qxf7+ Qxf7 49. exf7 Kxf7 50. Ne3 Ke6 51. Kg2 b5 52. Kf3 Ke5 53. Ke2 Ke4 54. f3+ Ke5 55. Kd3 Bf8 56. f4+ Ke6 57. Ke4 Bg7 58. Nd5 Kd6 59. g4 Kc5 60. f5 gxf5+ 61. gxf5 Kd6 62. f6 Bh6 63. Nf4 Kd7 64. Kf5 Ke8 65. Ne6 Kd7 66. Nd4 1-0

[Event "HUN-chT2 Szechenyi 1112"]
[Site "Hungary"]
[Date "2011.09.25"]
[Round "1.3"]
[White "Kiss, Robert"]
[Black "Csaba, Arpad Jr"]
[Result "1/2-1/2"]
[WhiteElo "2072"]
[BlackElo "2139"]
[PlyCount "30"]
[EventDate "2011.09.25"]
[EventType "team-tourn"]
[EventRounds "11"]
[EventCountry "HUN"]
[SourceTitle "EXT 2013"]
[Source "ChessBase"]
[SourceDate "2012.11.22"]
[SourceVersion "1"]
[SourceVersionDate "2012.11.22"]
[SourceQuality "1"]
[WhiteTeam "Arboretum"]
[BlackTeam "Ajka Banyasz"]
[WhiteTeamCountry "HUN"]
[BlackTeamCountry "HUN"]

1. d4 d5 2. Bg5 c6 3. e3 Qc7 4. Bd3 e6 5. Bf4 Bd6 6. Ne2 b6 7. 0-0 Ba6 8. a3 Bxd3 9. Qxd3 Nd7 10. Bxd6 Qxd6 11. c4 Ngf6 12. h3 e5 13. cxd5 e4 14. Qb3 Nxd5 15. Nbc3 Nxc3 1/2-1/2

[Event "HUN-chT2 Szechenyi 1011"]
[Site "Hungary"]
[Date "2011.05.15"]
[Round "11.2"]
[White "Gutmann, Alois"]
[Black "Kiss, Robert"]
[Result "0-1"]
[WhiteElo "2074"]
[BlackElo "2102"]
[PlyCount "90"]
[EventDate "2010.09.12"]
[EventType "team-tourn"]
[EventRounds "11"]
[EventCountry "HUN"]
[SourceTitle "EXT 2012"]
[Source "ChessBase"]
[SourceDate "2011.11.24"]
[SourceVersion "1"]
[SourceVersionDate "2011.11.24"]
[SourceQuality "1"]
[WhiteTeam "HVSE Infraplan"]
[BlackTeam "Arboretum"]
[WhiteTeamCountry "HUN"]
[BlackTeamCountry "HUN"]

1. b3 c5 2. Bb2 Nc6 3. e3 d5 4. Bb5 e6 5. f4 a6 6. Bxc6+ bxc6 7. Nf3 a5 8. 0-0 a4 9. Qc1 Nf6 10. Nc3 Ba6 11. Re1 axb3 12. axb3 Be7 13. d3 0-0 14. Ne5 Qc7 15. Qd2 Nd7 16. Nxd7 Qxd7 17. Na4 Rfb8 18. Qc3 Bf6 19. Qxc5 Rb5 20. Qa3 d4 21. Nc5 Qc8 22. Nxa6 Rb6 23. Qc5 Rbxa6 24. Bxd4 Rxa1 25. Rxa1 Rxa1+ 26. Bxa1 Bxa1 27. b4 Qb7 28. c4 Bf6 29. b5 cxb5 30. cxb5 Bd8 31. Kf2 Bb6 32. Qa3 Qa7 33. Qc1 Qc7 34. Qxc7 Bxc7 35. Kf3 Kf8 36. g4 Ke7 37. Ke4 Kd6 38. d4 f6 39. h4 Ba5 40. h5 Bd8 41. Kd3 e5 42. Ke4 exd4 43. exd4 g6 44. hxg6 hxg6 45. g5 f5+ 0-1

[Event "HUN-chT2 Szechenyi 1011"]
[Site "Hungary"]
[Date "2011.05.01"]
[Round "10.2"]
[White "Kiss, Robert"]
[Black "Rako, Istvan"]
[Result "0-1"]
[WhiteElo "2102"]
[BlackElo "2138"]
[PlyCount "78"]
[EventDate "2010.09.12"]
[EventType "team-tourn"]
[EventRounds "11"]
[EventCountry "HUN"]
[SourceTitle "EXT 2012"]
[Source "ChessBase"]
[SourceDate "2011.11.24"]
[SourceVersion "1"]
[SourceVersionDate "2011.11.24"]
[SourceQuality "1"]
[WhiteTeam "Arboretum"]
[BlackTeam "FKMK"]
[WhiteTeamCountry "HUN"]
[BlackTeamCountry "HUN"]

1. d4 Nf6 2. Bg5 Ne4 3. Bh4 c5 4. e3 Qb6 5. b3 e6 6. c3 d5 7. dxc5 Bxc5 8. Bd3 Nc6 9. Ne2 Ne5 10. 0-0 0-0 11. Qc2 Nxd3 12. Qxd3 Bd7 13. c4 Bc6 14. cxd5 Bxd5 15. Nbc3 Nxc3 16. Nxc3 Bc6 17. Rfd1 Qb4 18. Bg3 Qa5 19. Qc2 Rac8 20. Ne4 Be7 21. Nd6 Rcd8 22. Nc4 Qc5 23. Rxd8 Rxd8 24. Rd1 Rd5 25. Qb1 f6 26. Rxd5 Bxd5 27. Nd2 Qc3 28. Nf1 e5 29. Qd1 Bc6 30. Qd2 Qa1 31. f3 a6 32. Be1 Ba3 33. Qc2 Qxe1 34. Qc4+ Kf8 35. Qe6 Bb5 36. Qc8+ Kf7 37. Qxb7+ Be7 38. Qd5+ Kg6 39. Qe4+ f5 0-1

[Event "Oberwart op"]
[Site "Oberwart"]
[Date "2010.07.10"]
[Round "1"]
[White "Zelcic, Robert"]
[Black "Kiss, Robert"]
[Result "1-0"]
[WhiteElo "2554"]
[BlackElo "2103"]
[PlyCount "146"]
[EventDate "2010.07.10"]
[EventType "swiss"]
[EventRounds "9"]
[EventCountry "AUT"]
[SourceTitle "CBM 137 Extra"]
[Source "ChessBase"]
[SourceDate "2010.09.01"]
[SourceVersion "1"]
[SourceVersionDate "2010.09.01"]
[SourceQuality "1"]

1. e4 c5 2. Nf3 d6 3. d4 cxd4 4. Nxd4 Nf6 5. Nc3 g6 6. Bc4 Bg7 7. 0-0 0-0 8. Re1 Bd7 9. h3 Nc6 10. Bg5 h6 11. Be3 a6 12. a4 Na5 13. Ba2 Rc8 14. Qd3 Nc6 15. Nxc6 Bxc6 16. e5 dxe5 17. Qxg6 Nd5 18. Bxd5 Bxd5 19. Qh5 Bc6 20. Rad1 Qe8 21. Bxh6 f6 22. Qg4 Rf7 23. Nd5 Kh8 24. Be3 Bf8 25. Qg6 Rg7 26. Qxe8 Rxe8 27. b3 e6 28. Nxf6 Rxg2+ 29. Kf1 Rh2 30. Ke2 Rc8 31. Rg1 Bg7 32. Rg6 Rxh3 33. Rdg1 Bf3+ 34. Kd2 Bxf6 35. Rxf6 Be4 36. c4 Bf5 37. Kc3 Rh7 38. Kb4 Rg7 39. Rh1+ Kg8 40. Rfh6 Kf7 41. Rd1 Kg8 42. Bb6 Rh7 43. Rxh7 Bxh7 44. Rd7 Be4 45. Re7 Bc6 46. Rxe6 Re8 47. Rd6 Kf7 48. Be3 Re6 49. Rd1 Ke8 50. a5 Be4 51. Bg5 Bc6 52. Rd8+ Kf7 53. Kc5 Be4 54. Rd7+ Ke8 55. Rd2 Rc6+ 56. Kb4 Re6 57. Re2 Bf3 58. Re3 Bc6 59. Bf4 e4 60. Rh3 Kd7 61. Kc5 Re7 62. b4 Kc8 63. b5 axb5 64. cxb5 Bd7 65. Rc3 Rf7 66. Kb6+ Kd8 67. Bg5+ Ke8 68. Rc5 Rxf2 69. Kxb7 Rb2 70. b6 Be6 71. a6 Kd7 72. a7 Kd6 73. Rc6+ Kd5 1-0

[Event "HUN-chT2 Szechenyi 0910"]
[Site "Hungary"]
[Date "2010.03.21"]
[Round "8.2"]
[White "Kiss, Robert"]
[Black "Presznyak, Istvan"]
[Result "1-0"]
[WhiteElo "2106"]
[BlackElo "2034"]
[PlyCount "53"]
[EventDate "2009.11.08"]
[EventType "team-tourn"]
[EventRounds "11"]
[EventCountry "HUN"]
[SourceTitle "EXT 2011"]
[Source "ChessBase"]
[SourceDate "2010.11.26"]
[SourceVersion "1"]
[SourceVersionDate "2010.11.26"]
[SourceQuality "1"]
[WhiteTeam "Arboretum"]
[BlackTeam "Tapolca Szeremley"]
[WhiteTeamCountry "HUN"]
[BlackTeamCountry "HUN"]

1. d4 e6 2. c4 f5 3. Nf3 Nf6 4. Nc3 Be7 5. d5 d6 6. dxe6 Bxe6 7. b3 Nc6 8. g3 Qd7 9. Bg2 h6 10. Nb5 a6 11. Nbd4 Nxd4 12. Nxd4 0-0-0 13. Qc2 g5 14. b4 d5 15. c5 c6 16. a4 Kb8 17. b5 Ka8 18. h4 Ne4 19. bxc6 bxc6 20. hxg5 hxg5 21. Rxh8 Rxh8 22. Rb1 Bxc5 23. Nxe6 Bxf2+ 24. Kf1 Qxe6 25. Bxe4 fxe4 26. Kxf2 e3+ 27. Bxe3 1-0